Accounting and finance for non-specialists
Guardat en:
| Autor principal: | |
|---|---|
| Format: | Llibre |
| Idioma: | anglès |
| Publicat: |
Pearson Education,
2017.
|
| Etiquetes: |
Afegir etiqueta
Sense etiquetes, Sigues el primer a etiquetar aquest registre!
|
MARC
| LEADER | 00000nam a22000007a 4500 | ||
|---|---|---|---|
| 008 | 210126b ||||| |||| 00| 0 eng d | ||
| 020 | |a 978-1-292-13560-1 | ||
| 100 | |a ATRILL, Peter. | ||
| 245 | |a Accounting and finance for non-specialists |c Peter Atrill, Eddie McLaney |g xix, 595p.; ill. | ||
| 250 | |b 10th ed. | ||
| 260 | |b Pearson Education, |c 2017. |d Books |h Harlow, UK |i 691058 |i 691059 |l HF5636 .At7 |m Accounting. |m Financial Statements | ||
| 500 | |a “It includes index” | ||
| 942 | |a lcc |c BK |e Adekanye I. H. |f 26/01/2021 | ||
| 952 | |0 0 |1 0 |2 lcc |4 0 |6 HF5636 A T7 |7 0 |9 1906 |a HOL |b MPL |c GJ |d 2021-01-26 |l 0 |o HF5636 .At7 |p 2021-5773 |r 2021-01-26 00:00:00 |w 2021-01-26 |y BK | ||
| 952 | |0 0 |1 0 |2 lcc |4 0 |6 HF5636 A T7 |7 0 |9 1910 |a HOL |b HOL |c GJ |d 2021-01-26 |l 0 |o HF5636 .At7 |p 2021-5776 |r 2021-01-26 00:00:00 |w 2021-01-26 |y BK | ||
| 999 | |c 1005 |d 1005 | ||